China diplomacy (Record no. 1082027)

MARC details
000 -LEADER
fixed length control field 00659nam a2200241Ia 4500
003 - CONTROL NUMBER IDENTIFIER
control field OSt
005 - DATE AND TIME OF LATEST TRANSACTION
control field 20221006145142.0
008 - FIXED-LENGTH DATA ELEMENTS--GENERAL INFORMATION
fixed length control field 221006b |||||||| |||| 00| 0 eng d
020 ## - INTERNATIONAL STANDARD BOOK NUMBER
-- 5.50
037 ## - SOURCE OF ACQUISITION
Terms of availability Textual
040 ## - CATALOGING SOURCE
Original cataloging agency EASL
Transcribing agency EASL
Language of cataloging eng
041 ## - LANGUAGE CODE
Source of code eng
Language code of text/sound track or separate title eng
100 ## - MAIN ENTRY--PERSONAL NAME
Personal name COPPER John F
9 (RLIN) 650671
245 #0 - TITLE STATEMENT
Title China diplomacy
Remainder of title Washington, Taipei, Beijing triangle
260 ## - PUBLICATION, DISTRIBUTION, ETC.
Place of publication, distribution, etc. Boulder
Name of publisher, distributor, etc. Westview Press
Date of publication, distribution, etc. 1992
300 ## - PHYSICAL DESCRIPTION
Extent 190p.
Dimensions cm.
942 ## - ADDED ENTRY ELEMENTS (KOHA)
Classification part V41:1973.N92, N2
Koha item type Textual
Source of classification or shelving scheme Colon Classification (CC)
Holdings
Withdrawn status Lost status Source of classification or shelving scheme Materials specified (bound volume or other part) Damaged status Not for loan Home library Current library Date acquired Total Checkouts Full call number Barcode Date last seen Price effective from Koha item type
    Colon Classification (CC) 5.50     Department of East Asian Studies Library Department of East Asian Studies Library 2022-10-06   V41:1973.N92 N2 EA1011154 2022-10-06 2022-10-06 Textual
Copyright @ Delhi University Library System